000 00199nam a2200097Ia 4500
008 190216s9999||||xx |||||||||||||| ||und||
100 _aIan Fleming
245 0 _aDr. No
260 _bNull
942 _cBK
999 _c12288
_d12288